01193nam a2200229 a 450000100100000000500170001000800410002704000250006808200160009310000330010924500730014226000560021530000200027149000690029149000310036050003190039183000370071083000760074704900090082395201140083299900170094600002798320200930031243.0110406s1992 dr 000 0 spa d aDO-SdBNPbspacBNPHU axxxxbR252r1 aRavelo Astacio, Julio92596313aEl rol de la UASD en la sociedad dominicana /cJulio Ravelo Astacio. aSanto Domingo :bEditora Universitaria-UASD,c1992. a15 p. ;c21 cm.1 aPublicaciones de la Univerdidad Autónoma de Santo Domingov6961 aActos académicosvno. 16 aConferencia pronunciada por el Dr. Julio Ravelo Astacio rector magnífico de la Universidad Autónoma de Santo Domingo-UASD a los alumnos caballeros oficiales superiores de la 9na. promoción del curso "Comando y estado mayor" en Instituto Militar de Educación Superior "General de Brigada Juan Pablo Duarte". 0aActos académicosvno 16955042 0aPublicaciones de la Univerdidad Autónoma de Santo Domingov696955043 aBNPD 0010718PDaPDbPDcCTd2011-04-06iLF1l0oxxxx R252rp27983-10r2020-06-25w2020-06-25yLFPDZNo se presta c27475d27475